Statistics for Football - Most capped player for each national team

Click here to take the quiz!

General Stats

  • This quiz has been taken 36 times
    (16 since last reset)
  • The average score is 11 of 28

Answer Stats

Country Player Caps % Correct
PortugalCristiano Ronaldo158
92%
ItalyGianluigi Buffon176
85%
SpainIker Casillas167
77%
GermanyLothar MatthaĆ¼s150
69%
BrazilCafu142
69%
IrelandRobbie Keane146
69%
ChileAlexis Sanchez127
62%
Czech Rep.Petr Cech124
62%
DenmarkPeter Schmeichel129
54%
EnglandPeter Shilton125
54%
FranceLilian Thuram142
46%
UruguayDiego Godin126
38%
ArgentinaJavier Mascherano147
38%
ColombiaCarlos Valderrama111
38%
AustraliaMark Schwarzer109
31%
NetherlandsWesley Sneijder133
31%
CroatiaDarijo Srna134
31%
ScotlandKenny Dalglish102
31%
CameroonRigobert Song137
23%
SwedenAnders Svensson148
23%
SerbiaBranislav Ivanovic105
23%
BelgiumJan Vertonghen111
23%
Ivory CoastDidier Zokora123
15%
TurkeyRustu Recber120
15%
USACobi Jones164
15%
MexicoClaudio Suarez177
8%
RussiaSergei Ignasevich127
8%
UkraineAnatoliy Tymoshchuk144
8%

Score Distribution

Percentile by Number Answered

Percent of People with Each Score

Your Score History

You have not taken this quiz since the last reset